000 005580000a22001930004500
001 001824
003 MACL
005 20150730132006.0
008 150730b xxu||||| |||| 00| 0 eng d
040 _aMACL
_cMACL
041 _aEnglish
082 _a350/RED
100 _aReddy, P.L. Sanjeev
_91971
245 _aJawaharlal Nehru And Public Administration
_cP.L. Sanjeev Reddy
260 _aNew Delhi
_c2004
_bIndian InstituteOf Public Administration,
350 _a395
650 _aPublic Administration And Military Science
_93421
942 _k350
_cBK
_2ddc
999 _c13740
_d13740